000 00318nam a2200133Ia 4500
008 100328s9999 xx 000 0 und d
082 _b72487
100 _aहरकारे अरुण.
245 _aकलम 115
260 _bनवल
630 _aकलम 115
730 _aकलम 115
942 _cBOOK
999 _c558208
_d558205